000 00619caa a22001692a 4500
001 005467
003 AR-FADEU
008 311216n########xxu####################dd
092 _a401.9
_bI18
100 _aPulman, Stephen G
245 _aThe recognition and interpretation of idioms
300 _aPP. 249-270
500 _aEn: Idioms : processing, structure, and interpretation /ed. Cristina Cacciari. Hillsdale : Lawrence Erlbaum, 1993
546 _aInglés
942 _cBDGR
773 0 _011278
_99971
_a
_b
_dHillsdle
_o03027
_tIDIOMS : processing, structure, and interpretation
_w( AR-FADEU) 005456
_x
_z0-8058-1038-2
999 _c11289
_d11289